00740nam a22002057a 450000500170000001000150001702000260003203500130005803700130007108200100008410000170009424501010011126000430021227000550025530000200031050000400033094200240037099900170039495201230041120150907144502.0 aENG-113464 c400.00a9788170544722 aEN-96996 bDBAD/PUB a238.1 aRana, P.C.N. aRaja Ram Mohun Roy : cby P.C.N.Ranabsocial religious and educational aspects of Brahmo Samaj / aNew DelhibClassical Publishing c2011 a28, Shopping Centre, Karampura bNew Delhie110056 a143p.c22cm(Hb) aIncludes bibliographical references 2ddccENmRANh238.1 c94893d94893 001040718NFICaDBADbDBADd2015-07-14eDBAD/PUBg400.00l0o238.1 RANpEN-96996r2015-07-14 00:00:00t1v400.00yEN